| 000 | 02061nam0a2200445 4500 | ||
|---|---|---|---|
| 001 | RU\NLR\BIBL_A\022095260 | ||
| 005 | 20240124115214.0 | ||
| 010 |
_a978-5-6050052-3-0 _9365 |
||
| 021 |
_aRU _bКН-П-23-071896 _9КН-П-23-7280 |
||
| 035 | _a(NLR Aleph) 022095260 | ||
| 090 |
_a12729179 _c12729179 |
||
| 100 | _a20231212d2023 u y0rusy50 ca | ||
| 101 | 0 | _arus | |
| 102 | _aRU | ||
| 105 | _aаch|z|||000zd | ||
| 181 | 0 |
_ai3 _baxxe |
|
| 182 | 0 | _an | |
| 200 | 1 |
_aСвирьлаг и свирские новомученики в истории Русской Православной Церкви _eсборник |
|
| 203 |
_aТекст _bвизуальный _cнепосредственный |
||
| 210 |
_aЛенинградская область _c[б. и.] _aСанкт-Петербург _cИнкери _d2023 |
||
| 215 |
_a207 с. _cил., портр., факс., цв. ил. _d22 |
||
| 320 | _aБиблиогр. в подстроч. примеч. | ||
| 333 | _a12+ | ||
| 601 | 0 | 2 |
_aСвирский исправительно-трудовой лагерь ОГПУ _jСборники _92425497 _3RU\NLR\AUTH\6601662558 |
| 606 | 1 |
_aДуховенство православное _jСборники _xРепрессии _yЛенинградская область _92577492 _3RU\NLR\AUTH\6601734778 |
|
| 606 | 1 |
_aСвятые православные русские _jСборники _yЛенинградская область _92415912 _3RU\NLR\AUTH\6601657996 |
|
| 686 | 1 | _aТ3(2)7-3я43 | |
| 686 | 1 | _aХ628.402.11я43 | |
| 686 | 2 | _aЭ372.24-37-021.504я43 | |
| 686 | 2 | _aЭ372.24-637я43 | |
| 686 | 2 | _aЭ372.24-574.3я43 | |
| 711 | 0 | 2 |
_aСвирский исправительно-трудовой лагерь ОГПУ _9678348 _3RU\NLR\AUTH\880509062 |
| 942 | _cBOOK | ||
| 980 | _aNB | ||